000
00363nam a22001577a 4500
003
MPLRDC
005
20220104125736.0
008
210129b ||||| |||| 00| 0 eng d
082
_a
930.9401 LZQ
100
_a
李再钤编著
245
_a
希腊雕刻
_c
260
_a
_b
雄狮图书公司
_c
1976
300
_b
平
650
_a
942
_c
BK
_o
930.9401 LZQ
999
_c
29770
_d
29760